000 00801nam a2200229Ia 4500
001 2950
003 GE_BSU
008 181216s||||||||xx |||||||||||||| ||und||
040 _cGE_BSU
080 _a547(075.8)
100 _aКери,Ф. Сандберг,Р.
245 _aУглубленный курс органической химии=Advanced organic chemistry.Книга вторая.Реакции и синтезы.
245 _bУчебник.
245 _cПод редакций В.М.Потапова.
250 _aПеревод. с англ. в двух книгах.
260 _aМ.
260 _bХимия.
260 _c1981.
300 _a456 стр. с илл. 26см.
653 _aУглубленный курс органической химии.
942 _cBK
999 _c36998
_d36998